The Mysterious Affair at Styles/ (Record no. 210162)

MARC details
000 -LEADER
fixed length control field 00547nam a22001937a 4500
005 - DATE AND TIME OF LATEST TRANSACTION
control field 20250307141656.0
010 ## - LCCN (DPL NO)
LC control number ENG-144014
020 ## - INTERNATIONAL STANDARD BOOK NUMBER
Terms of availability 350.00
International Standard Book Number 9788195575824
035 ## - SYSTEM CONTROL NUMBER
System control number EN-127546
037 ## - SOURCE OF ACQUISITION
Source of stock number/acquisition DBAD
082 ## - DEWEY DECIMAL CLASSIFICATION NUMBER
Classification number N
100 ## - MAIN ENTRY--PERSONAL NAME
Personal name Christic, Agatha
245 ## - TITLE STATEMENT
Title The Mysterious Affair at Styles/
Statement of responsibility, etc By Agatha Christic
250 ## - EDITION STATEMENT
Edition statement 1
260 ## - PUBLICATION, DISTRIBUTION, ETC. (IMPRINT)
Name of publisher, distributor, etc Kitabeormai Publications
Date of publication, distribution, etc 2022
Place of publication, distribution, etc Rajasthan
270 ## - ADDRESS
City Jaipur
Postal code 302033
Address Pratap nagar, Sanganer
Electronic mail address kitabeormai@gmail.com
300 ## - PHYSICAL DESCRIPTION
Extent 229p.
Dimensions 22cm (pb)
942 ## - ADDED ENTRY ELEMENTS (KOHA)
Source of classification or shelving scheme Dewey Decimal Classification
Item type English Books
Classification part N
Call number suffix CHR
Holdings
Withdrawn status Lost status Not for loan Collection code Home library Current library Date acquired Source of acquisition Cost, normal purchase price Full call number Barcode Copy number Cost, replacement price Koha item type
      Non-fiction Patel Nagar Patel Nagar 07/03/2025 Delivery of Books Act Division 350.00 N CHR EN-127546 1 350.00 English Books

© Delhi Public Library
Hit Counter
free hit counter